Normal view
MARC view
Entry Personal Name
001 - CONTROL NUMBER
- control field: 1392
003 - CONTROL NUMBER IDENTIFIER
- control field: OSt
005 - DATE AND TIME OF LATEST TRANSACTION
- control field: 20230502121958.0
008 - FIXED-LENGTH DATA ELEMENTS
- fixed length control field: 230502|| aca||aabn | a|a d
040 ## - CATALOGING SOURCE
- Original cataloging agency: OSt
- Transcribing agency: OSt
100 ## - HEADING--PERSONAL NAME
- Fuller form of name: Sedlack, Robert P
670 ## - SOURCE DATA FOUND
- Source citation: Work cat.: (OSt): Sedlack, Robert P., Graphics and visual communication for managers. /, 2008.
